El modelo chileno: democracia y desarrollo en los noventa.
Saved in:
| Main Author: | |
|---|---|
| Other Authors: | |
| Format: | Book |
| Language: | Spanish |
| Published: |
Santiago, Chile:
LOM ediciones,
1999.
|
| Series: | Colección Sin Norte
|
| Subjects: | |
| Tags: |
Add Tag
No Tags, Be the first to tag this record!
|
MARC
| LEADER | 00000nam a2200000 a 4500 | ||
|---|---|---|---|
| 001 | UCO9816 | ||
| 003 | CL-VaPUC | ||
| 005 | 20250410151758.0 | ||
| 008 | 010309e19991000CL |||||||||||||||||spa|d | ||
| 999 | |c 293839 |d 293837 | ||
| 020 | |a 956-282-225-7 | ||
| 040 | |c Pontificia Universidad Católica de Valparaíso | ||
| 082 | 0 | 4 | |a 321.4 DRA 1999 |2 21 |
| 100 | 0 | |a Drake, Paul W. |e compilador |9 454957 | |
| 245 | 1 | 3 | |a El modelo chileno: democracia y desarrollo en los noventa. |
| 260 | |a Santiago, Chile: |b LOM ediciones, |c 1999. | ||
| 300 | |a 535 páginas. | ||
| 490 | 0 | |a Colección Sin Norte | |
| 500 | |a c.6-7 Donación ELE. 9-09-2024 | ||
| 583 | |a last modification |c 20010309 00:00:00 |k Rodrigo Vera | ||
| 650 | 0 | |a Democracia |9 255256 | |
| 650 | 0 | |a Problemas sociales |9 258537 | |
| 650 | 0 | |a Política económica |9 255029 | |
| 650 | 0 | |a Poder judicial |z Chile |9 901974 | |
| 650 | 0 | |a Derechos humanos |9 223025 | |
| 700 | |a Jaksic Andrade, Iván |e compilador |9 599681 | ||
| 942 | |c BK |2 ddc | ||
| 952 | |0 0 |1 0 |4 0 |6 321_400000000000000_DRA_1999 |7 0 |8 A |9 345589 |a BIBGIM |b BIBGIM |d 2019-11-20 |i 3677427 |l 1 |o 321.4 DRA 1999 |p 3677427 |r 2025-01-15 |s 2024-11-26 |w 2019-11-20 |y BK |k SSL | ||
| 952 | |0 0 |1 0 |4 0 |6 321_400000000000000_DRA_1999 |7 0 |8 A |9 345590 |a BIBENE |b BIBENE |d 2019-11-20 |i 3901300 |o 321.4 DRA 1999 |p 3901300 |r 2025-01-15 |w 2019-11-20 |y BK |k ICO | ||
| 952 | |0 0 |1 0 |4 0 |6 321_400000000000000_DRA_1999 |7 0 |8 A |9 345591 |a BIBHIS |b BIBHIS |d 2019-11-20 |i 3916103 |l 1 |m 1 |o 321.4 DRA 1999 |p 3916103 |r 2025-03-07 |s 2024-10-29 |w 2019-11-20 |y BK |k HIS | ||
| 952 | |0 0 |1 0 |4 0 |6 321_400000000000000_DRA_1999 |7 0 |8 A |9 345592 |a BIBHIS |b BIBHIS |d 2019-11-20 |i 396874K |l 1 |o 321.4 DRA 1999 |p 396874K |r 2025-01-20 |s 2023-09-28 |w 2019-11-20 |y BK |k HIS | ||
| 952 | |0 0 |1 0 |4 0 |6 321_400000000000000_DRA_1999 |7 0 |8 A |9 345593 |a BIBHIS |b BIBHIS |d 2019-11-20 |i 4439538 |o 321.4 DRA 1999 |p 4439538 |r 2025-01-20 |w 2019-11-20 |y BK |k HIS | ||
| 952 | |0 0 |1 0 |2 ddc |4 0 |6 321_400000000000000_DRA_1999 |7 0 |8 A |9 596757 |a BIBGIM |b BIBGIM |d 2024-09-13 |e Donación |i 5662677 |o 321.4 DRA 1999 |p 5662677 |r 2025-01-15 |t 6 |w 2024-09-13 |y BK |k ELE | ||
| 952 | |0 0 |1 0 |2 ddc |4 0 |6 321_400000000000000_DRA_1999 |7 0 |8 A |9 596758 |a BIBGIM |b BIBGIM |d 2024-09-13 |e Donación |i 5662678 |o 321.4 DRA 1999 |p 5662678 |r 2025-01-15 |t 7 |w 2024-09-13 |y BK |k ELE | ||